[Event "DRUGA LIGA SRBIJE-GRUPA VOJVODINA-2019"]
[Site "Kovacica"]
[Date "2019.11.01"]
[Round "1.1"]
[White "Delchev, Aleksander"]
[Black "Hart, Alexander"]
[Result "1-0"]
[WhiteElo "2561"]
[BlackElo "1952"]
[PlyCount "87"]
[EventDate "2019.11.01"]
[WhiteTeam "SK Mladost Nova Pazova"]
[BlackTeam "SK Bora Ivkov Ban. N. Selo"]

1. d4 d5 2. Bf4 c5 3. e3 cxd4 4. exd4 Nc6 5. c3 Nf6 6. Nd2 g6 7. Be2 Bg7 8. h3
Bf5 9. Ngf3 O-O 10. O-O Re8 11. Re1 Qb6 12. Qb3 Rac8 13. Qxb6 axb6 14. g4 Bd7
15. Ne5 Be6 16. Bb5 Nd7 17. Nxc6 bxc6 18. Ba6 c5 19. Bxc8 Rxc8 20. Nf3 Nf8 21.
a4 f6 22. a5 bxa5 23. Rxa5 c4 24. Ra7 Kf7 25. Bd6 Re8 26. Nh4 Nd7 27. Bb4 h5
28. Nxg6 hxg4 29. Nf4 Nf8 30. hxg4 Bh6 31. Nxe6 Nxe6 32. Rd7 Bd2 33. Re2 Bh6
34. Bd6 Bf4 35. Ba3 Bh6 36. Kf1 Bf8 37. Rxd5 Nf4 38. Rb5 Nxe2 39. Kxe2 Rc8 40.
f4 Rc7 41. Kf3 e6 42. Bxf8 Kxf8 43. Ke4 Kg7 44. Rb6 1-0

[Event "DRUGA LIGA SRBIJE-GRUPA VOJVODINA-2019"]
[Site "Kovacica"]
[Date "2019.11.01"]
[Round "1.1"]
[White "Milanovic, Stanko"]
[Black "Vlatkovic, Sinisa"]
[Result "1/2-1/2"]
[WhiteElo "2143"]
[BlackElo "2290"]
[PlyCount "51"]
[EventDate "2019.11.01"]
[WhiteTeam "SK Bora Ivkov Ban. N. Selo"]
[BlackTeam "SK Mladost Nova Pazova"]

1. e4 d6 2. Nc3 e5 3. Nf3 Nf6 4. d4 Nbd7 5. Bc4 Be7 6. Bg5 O-O 7. dxe5 dxe5 8.
Qe2 c6 9. a4 a5 10. O-O Qc7 11. h3 Nc5 12. Nh4 Ne6 13. Bxe6 Bxe6 14. Nf5 Bd8
15. Qf3 Re8 16. Rfd1 Bxf5 17. Bxf6 Bxf6 18. Qxf5 Rad8 19. Rxd8 Rxd8 20. Rd1 h6
21. g3 Qe7 22. h4 Rxd1+ 23. Nxd1 Qb4 24. Nc3 Qxb2 25. Qc8+ Kh7 26. Qf5+ 1/2-1/2

[Event "DRUGA LIGA SRBIJE-GRUPA VOJVODINA-2019"]
[Site "Kovacica"]
[Date "2019.11.01"]
[Round "1.1"]
[White "Grcic, Vukasin"]
[Black "Rajin, Milan"]
[Result "1-0"]
[WhiteElo "2125"]
[BlackElo "1920"]
[PlyCount "69"]
[EventDate "2019.11.01"]
[WhiteTeam "SK Mladost Nova Pazova"]
[BlackTeam "SK Bora Ivkov Ban. N. Selo"]

1. e4 c5 2. Nf3 Nc6 3. d4 cxd4 4. Nxd4 d6 5. Nc3 g6 6. Be3 Bg7 7. Qd2 Bd7 8. f3
Qa5 9. O-O-O Nf6 10. g4 O-O 11. h4 h5 12. gxh5 Nxh5 13. Kb1 Rfc8 14. f4 Bg4 15.
Be2 Bxe2 16. Ndxe2 e6 17. Qxd6 Bf8 18. Qd3 a6 19. Bd2 Qb6 20. Na4 Qc7 21. Qe3
Rab8 22. Nb6 Rd8 23. Bc3 Bh6 24. Rdf1 e5 25. Nd5 exf4 26. Nexf4 Bxf4 27. Rxf4
Qd6 28. Rff1 Ne5 29. Qg5 Re8 30. Rhg1 Re6 31. Qxh5 Kg7 32. Ne3 Kf8 33. Qh7 b5
34. Bxe5 Qxe5 35. Qxf7# 1-0

[Event "DRUGA LIGA SRBIJE-GRUPA VOJVODINA-2019"]
[Site "Kovacica"]
[Date "2019.11.01"]
[Round "1.1"]
[White "Zivkovic, Milan B"]
[Black "Stankovic, Milos M"]
[Result "0-1"]
[WhiteElo "2046"]
[BlackElo "1944"]
[PlyCount "78"]
[EventDate "2019.11.01"]
[WhiteTeam "SK Bora Ivkov Ban. N. Selo"]
[BlackTeam "SK Mladost Nova Pazova"]

1. d4 d6 2. c4 e5 3. d5 f5 4. Nc3 Nf6 5. Nf3 Nbd7 6. Bg5 Be7 7. Qc2 e4 8. Nd4
Ne5 9. e3 O-O 10. Bxf6 Bxf6 11. Be2 c5 12. dxc6 bxc6 13. Rd1 Qe7 14. Qa4 Bd7
15. Qa3 Rfd8 16. O-O g6 17. Rfe1 Be8 18. Qa5 Bf7 19. b3 c5 20. f4 cxd4 21. fxe5
dxe5 22. exd4 exd4 23. Nd5 Qd6 24. Bf1 Bxd5 25. cxd5 d3 26. Bxd3 exd3 27. Rxd3
Re8 28. Rxe8+ Rxe8 29. Qxa7 Qf4 30. Rd1 Bd4+ 31. Qxd4 Re1+ 32. Rxe1 Qxd4+ 33.
Kf1 Qxd5 34. Re2 f4 35. Ke1 g5 36. h3 h5 37. Rd2 Qc5 38. Ke2 g4 39. hxg4 hxg4
0-1

[Event "DRUGA LIGA SRBIJE-GRUPA VOJVODINA-2019"]
[Site "Kovacica"]
[Date "2019.11.01"]
[Round "1.1"]
[White "Stamenkovic, Aleksandar"]
[Black "Njamcul, Dragan"]
[Result "1/2-1/2"]
[WhiteElo "2178"]
[BlackElo "2320"]
[PlyCount "124"]
[EventDate "2019.11.01"]
[WhiteTeam "SK Mladost Nova Pazova"]
[BlackTeam "SK Bora Ivkov Ban. N. Selo"]

1. d4 Nf6 2. Nf3 g6 3. c4 Bg7 4. Nc3 O-O 5. e4 d6 6. Be2 Nbd7 7. O-O e5 8. Be3
c6 9. d5 Qc7 10. Ne1 a6 11. Nd3 c5 12. Qd2 Ne8 13. Rac1 f5 14. f4 Nef6 15. fxe5
Nxe5 16. Nxe5 dxe5 17. exf5 gxf5 18. Bf3 f4 19. Bf2 Bf5 20. Rfe1 Rad8 21. Qe2
Rfe8 22. Ne4 Nxe4 23. Bxe4 Bxe4 24. Qxe4 b6 25. Rc3 Rd6 26. Rf3 Rf8 27. a3 a5
28. b3 Rg6 29. Re2 Qd6 30. Be1 Qd7 31. Bc3 Qf5 32. Kf1 Qxe4 33. Rxe4 Rg5 34.
Rd3 Rd8 35. Be1 Rh5 36. Kg1 Rh6 37. g3 Rg6 38. Kg2 fxg3 39. Bxg3 Re8 40. Rf3
Rd6 41. Rfe3 Rd7 42. Rg4 Kf7 43. Kf3 Bf6 44. Ke4 h5 45. Rh4 Bxh4 46. Bxh4 Kg6
47. Rg3+ Kh6 48. Bg5+ Kh7 49. Bf6 Rf7 50. Bxe5 Rf2 51. Re3 Rxh2 52. d6 Rd2 53.
Kf4 Rf2+ 54. Ke4 Rd2 55. Kf4 Kg6 56. Rg3+ Kf7 57. Rg7+ Kf8 58. Rh7 Rf2+ 59. Kg3
Rd2 60. Kf4 Rf2+ 61. Kg3 Rd2 62. Kf4 Rf2+ 1/2-1/2

[Event "DRUGA LIGA SRBIJE-GRUPA VOJVODINA-2019"]
[Site "Kovacica"]
[Date "2019.11.01"]
[Round "1.1"]
[White "Mik, Aurel"]
[Black "Gavric, Zivojin"]
[Result "1/2-1/2"]
[WhiteElo "2039"]
[BlackElo "2108"]
[PlyCount "62"]
[EventDate "2019.11.01"]
[WhiteTeam "SK Bora Ivkov Ban. N. Selo"]
[BlackTeam "SK Mladost Nova Pazova"]

1. e4 c6 2. d4 d5 3. exd5 cxd5 4. Bd3 Nc6 5. c3 g6 6. Nf3 Bg7 7. Bf4 Nf6 8. O-O
O-O 9. Re1 Nh5 10. Bg5 Qd6 11. Na3 f6 12. Bh4 a6 13. Nc2 e5 14. dxe5 fxe5 15.
Bc4 Nf4 16. Ne3 Kh8 17. Bxd5 h6 18. Be4 Qc5 19. Bg3 Rd8 20. Qc2 g5 21. Nf5 Bxf5
22. Bxf5 Re8 23. Be4 Rac8 24. Rad1 b5 25. Qb3 Na5 26. Qf7 Rf8 27. Qd7 Nc4 28.
Bxf4 exf4 29. Rd5 Qc7 30. Re2 Qxd7 31. Rxd7 Rcd8 1/2-1/2

[Event "DRUGA LIGA SRBIJE-GRUPA VOJVODINA-2019"]
[Site "Kovacica"]
[Date "2019.11.01"]
[Round "1.2"]
[White "Sahin, Ozgun"]
[Black "Balla, Tamas-Kristof"]
[Result "1/2-1/2"]
[WhiteElo "2258"]
[BlackElo "2348"]
[PlyCount "42"]
[EventDate "2019.11.01"]
[WhiteTeam "SK Kraljica PTT Petrovaradin"]
[BlackTeam "SK Senta Senta"]

1. e4 c5 2. Nf3 e6 3. d4 cxd4 4. Nxd4 a6 5. c4 Nf6 6. Nc3 Qc7 7. Be2 Bb4 8. Nc2
Be7 9. Be3 d6 10. g4 b6 11. g5 Nfd7 12. f4 Bb7 13. Rg1 g6 14. f5 Nc6 15. fxe6
fxe6 16. Nd4 Nc5 17. Bg4 Nxd4 18. Bxd4 O-O 19. Qd2 Bc8 20. b4 Nb7 21. Rc1 Nd8
1/2-1/2

[Event "DRUGA LIGA SRBIJE-GRUPA VOJVODINA-2019"]
[Site "Kovacica"]
[Date "2019.11.01"]
[Round "1.2"]
[White "Kopasz, Robert"]
[Black "Desnica, Vladan"]
[Result "1-0"]
[WhiteElo "2351"]
[BlackElo "2323"]
[PlyCount "120"]
[EventDate "2019.11.01"]
[WhiteTeam "SK Senta Senta"]
[BlackTeam "SK Kraljica PTT Petrovaradin"]

1. c4 e6 2. g3 d5 3. Bg2 dxc4 4. Qa4+ Nd7 5. Nf3 c5 6. Qxc4 a6 7. Qc2 Ne7 8. b3
b6 9. Bb2 Bb7 10. O-O Rc8 11. Nc3 Nc6 12. Rad1 Be7 13. Qb1 Qc7 14. Ne4 O-O 15.
Neg5 g6 16. h4 Nf6 17. Bh3 Nd8 18. d4 Nh5 19. dxc5 Bxc5 20. Be5 Qe7 21. Ne4
Bxe4 22. Qxe4 Nc6 23. e3 f5 24. Qd3 b5 25. Ba1 Nf6 26. Ne5 Nb4 27. Qe2 Bd6 28.
Rc1 Rc7 29. Nd3 Nbd5 30. Rxc7 Bxc7 31. Rc1 e5 32. Bg2 e4 33. Nc5 Be5 34. Bxe5
Qxe5 35. Nxa6 Nc3 36. Qd2 Rc8 37. Bf1 Nfd5 38. Bxb5 Rd8 39. Bc4 Kg7 40. Bxd5
Nxd5 41. Nb4 Rd7 42. Nxd5 Rxd5 43. Qc3 Qxc3 44. Rxc3 Rd1+ 45. Kg2 Ra1 46. a4
Ra3 47. Rc7+ Kf6 48. Rb7 Ke5 49. Rb5+ Kd6 50. a5 Kc6 51. Rb6+ Kc7 52. b4 Ra4
53. g4 fxg4 54. Kg3 h5 55. Rxg6 Rxb4 56. Rg5 Rb1 57. Rxh5 Rg1+ 58. Kh2 Ra1 59.
Rg5 Ra2 60. Kg3 Kd7 1-0

[Event "DRUGA LIGA SRBIJE-GRUPA VOJVODINA-2019"]
[Site "Kovacica"]
[Date "2019.11.01"]
[Round "1.2"]
[White "Banovic, Ivan"]
[Black "Vranic, Ljubomir"]
[Result "1/2-1/2"]
[WhiteElo "2218"]
[BlackElo "2211"]
[PlyCount "112"]
[EventDate "2019.11.01"]
[WhiteTeam "SK Kraljica PTT Petrovaradin"]
[BlackTeam "SK Senta Senta"]

1. d4 Nf6 2. c4 c5 3. d5 e5 4. Nc3 d6 5. e4 g6 6. Be2 Bg7 7. Nf3 O-O 8. O-O Ne8
9. a3 f5 10. Ne1 Nf6 11. f3 a5 12. Nd3 Nbd7 13. Be3 Nb6 14. b3 Bd7 15. Nf2 Qc8
16. Rb1 Ne8 17. Qd3 f4 18. Bd2 Nc7 19. Rfc1 Bf6 20. Qc2 Bd8 21. Qb2 Be8 22.
Ncd1 Nd7 23. b4 axb4 24. axb4 Na6 25. Nd3 cxb4 26. Bxb4 Ndc5 27. Be1 Nxd3 28.
Bxd3 Nc5 29. Bf1 Rf7 30. Nc3 b6 31. Nb5 Bxb5 32. Qxb5 Qd7 33. Qb2 Qe8 34. Ra1
Rfa7 35. Rxa7 Rxa7 36. Ra1 Rxa1 37. Qxa1 Qa4 38. Qxa4 Nxa4 39. Bb4 Be7 40. g3
g5 41. h4 h6 42. hxg5 hxg5 43. gxf4 gxf4 44. Kf2 Kf7 45. Ke2 Ke8 46. Kd2 Kd8
47. Kc2 Kc8 48. Be1 Bd8 49. Kb3 Nc5+ 50. Kb4 Kb7 51. Kb5 Nb3 52. Bc3 Bf6 53.
Kb4 Nc5 54. Be1 Bd8 55. Be2 Na6+ 56. Kc3 b5 1/2-1/2

[Event "DRUGA LIGA SRBIJE-GRUPA VOJVODINA-2019"]
[Site "Kovacica"]
[Date "2019.11.01"]
[Round "1.2"]
[White "Nagy, Attila N"]
[Black "Remecki, Sinisa"]
[Result "1-0"]
[WhiteElo "2233"]
[BlackElo "2235"]
[PlyCount "99"]
[EventDate "2019.11.01"]
[WhiteTeam "SK Senta Senta"]
[BlackTeam "SK Kraljica PTT Petrovaradin"]

1. Nf3 Nf6 2. g3 b6 3. Bg2 Bb7 4. O-O e6 5. c4 c5 6. Nc3 Be7 7. d4 cxd4 8. Qxd4
O-O 9. Bf4 d6 10. Qd2 Ne4 11. Nxe4 Bxe4 12. Rfd1 d5 13. cxd5 Bxd5 14. Qe1 Qe8
15. e4 Bb7 16. Ne5 f6 17. Nc4 e5 18. Be3 Nc6 19. Bh3 Bb4 20. Qe2 Nd4 21. Bxd4
exd4 22. a3 Be7 23. Be6+ Kh8 24. Bd5 Bxd5 25. exd5 b5 26. Na5 Qd7 27. Nc6 Bc5
28. Qxb5 Bb6 29. Nxd4 Qh3 30. Qf1 Qh5 31. Qe2 Qh3 32. Qf3 f5 33. Ne6 Rfe8 34.
Rac1 f4 35. Nxf4 Qf5 36. d6 Rf8 37. Rd5 Qf6 38. Qc3 Qf7 39. d7 Bxf2+ 40. Kg2
Rad8 41. Rf1 Bb6 42. Qd3 Qf6 43. Qc3 Qf7 44. Qc6 Qe7 45. Qe6 Rf7 46. Re1 Qf8
47. Qc6 Re7 48. Rxe7 Qxe7 49. Rh5 Qf6 50. Ng6+ 1-0

[Event "DRUGA LIGA SRBIJE-GRUPA VOJVODINA-2019"]
[Site "Kovacica"]
[Date "2019.11.01"]
[Round "1.2"]
[White "Pajcin, Lav"]
[Black "Lorinc, Sandor"]
[Result "1-0"]
[WhiteElo "2160"]
[BlackElo "2157"]
[PlyCount "127"]
[EventDate "2019.11.01"]
[WhiteTeam "SK Kraljica PTT Petrovaradin"]
[BlackTeam "SK Senta Senta"]

1. e4 c5 2. Nf3 e6 3. d4 cxd4 4. Nxd4 a6 5. Nc3 Qc7 6. g3 b5 7. Bg2 Bb7 8. O-O
Nc6 9. Re1 Nf6 10. Nd5 Nxd5 11. exd5 Nb4 12. Bf4 Qc8 13. Qh5 Qc5 14. Nxe6 dxe6
15. Rxe6+ Be7 16. Bd6 Qxd6 17. Rxd6 Bxd6 18. c3 O-O 19. cxb4 Bxb4 20. Qg4 Bc5
21. Rd1 Rad8 22. d6 Bxg2 23. Kxg2 Bxd6 24. Rd5 Be7 25. Qe4 Rxd5 26. Qxd5 Bf6
27. b3 Rd8 28. Qc6 h6 29. Qxa6 b4 30. a4 bxa3 31. Qxa3 Rd2 32. Qa5 Rb2 33. Qb5
g6 34. Qc4 Kg7 35. b4 h5 36. b5 Bd8 37. Qc6 h4 38. Qd6 Bf6 39. b6 hxg3 40. hxg3
g5 41. Qc5 Kg6 42. Kf3 Rb3+ 43. Ke4 Rb2 44. Qc7 Re2+ 45. Kf3 Re7 46. Qc8 Bd4
47. b7 Be5 48. Qg8+ Kf6 49. b8=Q Bxb8 50. Qxb8 Re6 51. Qd8+ Kg6 52. Qd3+ Kg7
53. Kg4 Kh6 54. Qf5 Kg7 55. Kxg5 Rg6+ 56. Kh5 Rh6+ 57. Kg4 Rg6+ 58. Kh3 Rf6 59.
Qe5 Kg6 60. f4 Rf5 61. Qe4 Kf6 62. Kg4 Ra5 63. Qd4+ Ke7 64. Qb4+ 1-0

[Event "DRUGA LIGA SRBIJE-GRUPA VOJVODINA-2019"]
[Site "Kovacica"]
[Date "2019.11.01"]
[Round "1.2"]
[White "Simonyi, Zoltan"]
[Black "Petrovic, Nikola V"]
[Result "1-0"]
[WhiteElo "2149"]
[BlackElo "2069"]
[PlyCount "107"]
[EventDate "2019.11.01"]
[WhiteTeam "SK Senta Senta"]
[BlackTeam "SK Kraljica PTT Petrovaradin"]

1. d4 d5 2. c4 e6 3. Nc3 Nf6 4. Bg5 Be7 5. e3 O-O 6. Nf3 h6 7. Bh4 b6 8. Bd3
dxc4 9. Bxc4 Bb7 10. Qe2 Nbd7 11. O-O c5 12. Rfd1 Ne4 13. Nxe4 Bxe4 14. Bg3 Qc8
15. Rac1 a6 16. dxc5 b5 17. Bd3 Bxd3 18. Rxd3 Nxc5 19. Rdc3 b4 20. Rc4 Qc6 21.
Rxb4 Qd5 22. Rbc4 Nd3 23. R1c2 Rfd8 24. h3 Nb4 25. Rd2 Qb5 26. Nd4 Qg5 27. a3
Nd5 28. Nc6 Nb6 29. Nxd8 Nxc4 30. Nxe6 Qa5 31. Rd7 fxe6 32. Qxc4 Bf6 33. Qxe6+
Kh8 34. Qc6 Rf8 35. Qc2 Qb5 36. Rd2 Qa5 37. Kh2 Qb5 38. b4 Qf1 39. Rd1 Qb5 40.
Qc5 Qe8 41. Qd6 Qa8 42. Rc1 Rd8 43. Qc6 Qa7 44. Qc7 Qa8 45. Rc6 Rd3 46. Qc8+
Qxc8 47. Rxc8+ Kh7 48. a4 Ra3 49. b5 Rxa4 50. b6 Rb4 51. Bc7 a5 52. Ra8 a4 53.
Ra7 a3 54. Rxa3 1-0

[Event "DRUGA LIGA SRBIJE-GRUPA VOJVODINA-2019"]
[Site "Kovacica"]
[Date "2019.11.01"]
[Round "1.3"]
[White "Petrusic, Velimir"]
[Black "Czebe, Attila"]
[Result "0-1"]
[WhiteElo "2110"]
[BlackElo "2368"]
[PlyCount "40"]
[EventDate "2019.11.01"]
[WhiteTeam "SK Sloga Indjija"]
[BlackTeam "Somborski SK Sombor"]

1. d4 Nf6 2. Nf3 b6 3. Bg5 Bb7 4. Nbd2 g6 5. e3 Bg7 6. Bd3 O-O 7. O-O d6 8. e4
Nbd7 9. c3 h6 10. Bh4 Nh5 11. Re1 Nf4 12. Bc4 Qe8 13. a4 e5 14. a5 Rb8 15. axb6
axb6 16. Ra7 Kh7 17. Qa4 Qc8 18. Ra1 exd4 19. cxd4 Ne6 20. Bd5 b5 0-1

[Event "DRUGA LIGA SRBIJE-GRUPA VOJVODINA-2019"]
[Site "Kovacica"]
[Date "2019.11.01"]
[Round "1.3"]
[White "Bulajic, Ratko"]
[Black "Mandic, Milenko"]
[Result "1/2-1/2"]
[WhiteElo "2299"]
[BlackElo "1904"]
[PlyCount "118"]
[EventDate "2019.11.01"]
[WhiteTeam "Somborski SK Sombor"]
[BlackTeam "SK Sloga Indjija"]

1. d4 Nf6 2. c4 d6 3. Nf3 g6 4. g3 Bg7 5. Bg2 O-O 6. Nc3 Nc6 7. O-O Bf5 8. d5
Nb8 9. Nd4 Bd7 10. h3 c5 11. Nf3 Bf5 12. Ne1 h6 13. f4 Ne8 14. e4 Bd7 15. Nd3
Na6 16. e5 Nb4 17. Ne1 dxe5 18. fxe5 Bxe5 19. Bxh6 Ng7 20. g4 Bd4+ 21. Kh1 e5
22. a3 Na6 23. Ne4 f5 24. Bg5 Qb6 25. Ng3 fxg4 26. hxg4 Rxf1+ 27. Nxf1 Qxb2 28.
Rb1 Qf2 29. Nf3 Bxg4 30. Qd2 Qxd2 31. N1xd2 b6 32. d6 Rf8 33. Re1 Nb8 34. Nxe5
Bxe5 35. Rxe5 Rf5 36. Bd5+ Kh7 37. Rxf5 Bxf5 38. Nf3 Nd7 39. Be7 Nh5 40. Bc6
Nhf6 41. Bxf6 Nxf6 42. Ne5 Kg7 43. d7 Nxd7 44. Nxd7 Bxd7 45. Bxd7 Kf6 46. Kg2
Ke5 47. Bb5 Kd4 48. Kf3 Kc3 49. a4 Kb4 50. Ke4 g5 51. Kf5 Ka5 52. Bd7 a6 53.
Ke4 g4 54. Bxg4 Kxa4 55. Bc8 a5 56. Kd3 Kb3 57. Bg4 a4 58. Bd1+ Kb4 59. Be2 Kb3
1/2-1/2

[Event "DRUGA LIGA SRBIJE-GRUPA VOJVODINA-2019"]
[Site "Kovacica"]
[Date "2019.11.01"]
[Round "1.3"]
[White "Marceta, Dimitrije"]
[Black "Tancik, Kristijan"]
[Result "1/2-1/2"]
[WhiteElo "1766"]
[BlackElo "2260"]
[PlyCount "89"]
[EventDate "2019.11.01"]
[WhiteTeam "SK Sloga Indjija"]
[BlackTeam "Somborski SK Sombor"]

1. d4 Nf6 2. Bf4 g6 3. Nc3 d5 4. e3 Bg7 5. Be2 O-O 6. h4 c5 7. h5 cxd4 8. exd4
Nc6 9. hxg6 fxg6 10. Qd2 Qb6 11. O-O-O Ne4 12. Nxe4 dxe4 13. Bc4+ e6 14. Ne2
Na5 15. Bb3 Nxb3+ 16. axb3 Rd8 17. Bh6 Bh8 18. Qf4 e5 19. dxe5 Bf5 20. g4 Qa5
21. Kb1 Bxe5 22. Qg5 Be6 23. Nf4 Bf7 24. Nh5 Qc7 25. Nf6+ Bxf6 26. Qxf6 Bd5 27.
c4 Bc6 28. Bf4 Rxd1+ 29. Rxd1 Qf7 30. Rd8+ Rxd8 31. Qxd8+ Qe8 32. Qxe8+ Bxe8
33. g5 Kf7 34. Kc2 Ke6 35. Kc3 a6 36. Kd4 Bc6 37. Kc5 Kd7 38. b4 Ba4 39. Kd5
Bb3 40. Be3 b5 41. Kxe4 Bxc4 42. Ke5 Ke7 43. f4 Bd3 44. Bc5+ Kf7 45. Kd6
1/2-1/2

[Event "DRUGA LIGA SRBIJE-GRUPA VOJVODINA-2019"]
[Site "Kovacica"]
[Date "2019.11.01"]
[Round "1.3"]
[White "Dekic, Josip"]
[Black "Parkajic, Branislav"]
[Result "1-0"]
[WhiteElo "2254"]
[BlackElo "1922"]
[PlyCount "75"]
[EventDate "2019.11.01"]
[WhiteTeam "Somborski SK Sombor"]
[BlackTeam "SK Sloga Indjija"]

1. e4 c5 2. Nf3 d6 3. Bb5+ Nd7 4. c3 Ngf6 5. Qe2 a6 6. Ba4 b5 7. Bc2 c4 8. b3
cxb3 9. axb3 Bb7 10. O-O Qc7 11. Bb2 e5 12. d4 Be7 13. Nbd2 O-O 14. Rfc1 Rfe8
15. d5 g6 16. b4 Rec8 17. Bb3 Nb6 18. c4 bxc4 19. Bxc4 Qd7 20. Bd3 Nh5 21. g3
Rxc1+ 22. Bxc1 Qc8 23. Bb2 Nf6 24. Nb3 Qg4 25. Nfd2 Qc8 26. Na5 Ne8 27. Nxb7
Qxb7 28. Bxa6 Qb8 29. Qd1 Nc7 30. Bd3 Qe8 31. Ra5 Na4 32. Qc2 Rxa5 33. bxa5 Nc5
34. Ba3 N7a6 35. Bxa6 Nxa6 36. Qc4 Qa8 37. Qb5 Nc7 38. Qb6 1-0

[Event "DRUGA LIGA SRBIJE-GRUPA VOJVODINA-2019"]
[Site "Kovacica"]
[Date "2019.11.01"]
[Round "1.3"]
[White "Muskinja, Luka"]
[Black "Tokovic, Svetozar"]
[Result "0-1"]
[WhiteElo "1810"]
[BlackElo "2227"]
[PlyCount "154"]
[EventDate "2019.11.01"]
[WhiteTeam "SK Sloga Indjija"]
[BlackTeam "Somborski SK Sombor"]

1. Nf3 Nf6 2. b3 c5 3. e3 a6 4. c4 Nc6 5. Bb2 d5 6. d4 e6 7. a3 dxc4 8. bxc4
Qb6 9. Qc2 Be7 10. Bd3 h6 11. O-O O-O 12. Nbd2 Rd8 13. Rab1 cxd4 14. exd4 Qc7
15. Rbd1 b6 16. Ne4 Na5 17. Ne5 Bb7 18. Nxf6+ Bxf6 19. f4 Rac8 20. Qf2 Qe7 21.
f5 Bxe5 22. dxe5 exf5 23. Qxf5 g6 24. Qf4 Qe6 25. Qxh6 Qg4 26. g3 Qh5 27. Qf4
Rf8 28. Qf6 Qh3 29. Rf2 Qe6 30. Qg5 Qc6 31. Kf1 Nxc4 32. Bd4 Rcd8 33. Qf4 Qd5
34. Bf5 Qc6 35. Bh3 Qe4 36. Qxe4 Bxe4 37. Ke2 Rfe8 38. Rf4 Bd5 39. Kf2 Nxe5 40.
Bxb6 Rb8 41. Rxd5 Rxb6 42. Rb4 Rf6+ 43. Rf4 Rc6 44. Rd2 Rc3 45. Ra4 Rc6 46. Bd7
Rf6+ 47. Kg2 Rd8 48. Rad4 Nf3 49. Rf2 Nxd4 50. Rxf6 Rxd7 51. Rxa6 Rb7 52. h4
Rb3 53. g4 Ne6 54. Ra8+ Kg7 55. a4 Ra3 56. a5 Nc5 57. h5 gxh5 58. gxh5 f5 59.
Ra7+ Kh6 60. Rf7 Kg5 61. h6 Rxa5 62. h7 Ra8 63. Rg7+ Kh6 64. Rf7 Kg6 65. Rc7
Ne6 66. Rb7 Rh8 67. Rb6 Kf6 68. Rb7 Ng5 69. Rb6+ Kg7 70. Rb7+ Kg6 71. Kg3 Nxh7
72. Kf4 Nf6 73. Rb6 Rh4+ 74. Ke5 Re4+ 75. Kd6 Kg5 76. Rb1 f4 77. Rg1+ Kf5 0-1

[Event "DRUGA LIGA SRBIJE-GRUPA VOJVODINA-2019"]
[Site "Kovacica"]
[Date "2019.11.01"]
[Round "1.3"]
[White "Roganovic, Nebojsa"]
[Black "Majstorovic, Stanko"]
[Result "1/2-1/2"]
[WhiteElo "2135"]
[BlackElo "2078"]
[PlyCount "154"]
[EventDate "2019.11.01"]
[WhiteTeam "Somborski SK Sombor"]
[BlackTeam "SK Sloga Indjija"]

1. e4 e5 2. Nf3 Nc6 3. Bc4 Nf6 4. d3 Be7 5. c3 O-O 6. Bb3 d5 7. Qe2 Bg4 8. O-O
h6 9. h3 Bh5 10. Nbd2 Re8 11. Rd1 a6 12. Nf1 Bc5 13. Ng3 Bg6 14. Nh4 Nxe4 15.
Nxe4 Bxe4 16. dxe4 Qxh4 17. Bxd5 Nd8 18. Be3 Bxe3 19. Qxe3 c6 20. Bb3 Ne6 21.
Rd7 b5 22. Qf3 Ng5 23. Bxf7+ Kh8 24. Qh5 Qxh5 25. Bxh5 Red8 26. Rad1 Rxd7 27.
Rxd7 Nxe4 28. Bg6 Nc5 29. Rd2 Kg8 30. b3 Kf8 31. Re2 Nd7 32. Bf5 Rd8 33. Bxd7
Rxd7 34. Rxe5 Rd1+ 35. Kh2 Rd2 36. Rc5 Rxf2 37. Rxc6 Rxa2 38. Rc7 Rc2 39. b4
Ra2 40. Kg3 a5 41. Rb7 Ra3 42. Kf4 a4 43. Rc7 Rb3 44. Ke4 Rb2 45. Rb7 Rxg2 46.
Rxb5 a3 47. Ra5 a2 48. b5 Ke7 49. Kd5 Kd7 50. Ra7+ Kc8 51. c4 Kb8 52. b6 h5 53.
c5 Rg5+ 54. Kd6 Rg2 55. Kc6 Rg6+ 56. Kb5 Rg2 57. Ra3 Rb2+ 58. Kc6 Rf2 59. Ra7
Rf6+ 60. Kb5 Rf5 61. Kc4 Rf2 62. h4 g6 63. Kd5 Rf5+ 64. Kd6 Rf6+ 65. Ke5 Rf5+
66. Kd4 Rf4+ 67. Kd5 Rf5+ 68. Kc4 Rf4+ 69. Kb5 Rf2 70. c6 Rb2+ 71. Kc5 Rc2+ 72.
Kd6 Rd2+ 73. Ke6 Rc2 74. Kd7 Rd2+ 75. Ke8 Rc2 76. Kd7 Rd2+ 77. Ke7 Rc2 1/2-1/2

[Event "DRUGA LIGA SRBIJE-GRUPA VOJVODINA-2019"]
[Site "Kovacica"]
[Date "2019.11.01"]
[Round "1.4"]
[White "Varga, Zoltan"]
[Black "Pastar, Slaven"]
[Result "1/2-1/2"]
[WhiteElo "2424"]
[BlackElo "2280"]
[PlyCount "45"]
[EventDate "2019.11.01"]
[WhiteTeam "SK Backa Pacir"]
[BlackTeam "SK Bata Cosic Opovo"]

1. e4 e5 2. Nf3 Nc6 3. Bb5 Nf6 4. d3 Bc5 5. c3 d6 6. d4 exd4 7. cxd4 Bb6 8. d5
a6 9. Ba4 Ba5+ 10. Bd2 b5 11. dxc6 Bxd2+ 12. Nbxd2 bxa4 13. Qxa4 O-O 14. O-O
Rb8 15. b3 Rb5 16. Rfe1 Nh5 17. Qd4 Nf4 18. g3 Ne6 19. Qe3 Rc5 20. Rac1 Qe8 21.
Rxc5 dxc5 22. Nc4 Qxc6 23. Rd1 1/2-1/2

[Event "DRUGA LIGA SRBIJE-GRUPA VOJVODINA-2019"]
[Site "Kovacica"]
[Date "2019.11.01"]
[Round "1.4"]
[White "Milenkovic, Mladen"]
[Black "Farkas, Tibor"]
[Result "1-0"]
[WhiteElo "2304"]
[BlackElo "2274"]
[PlyCount "139"]
[EventDate "2019.11.01"]
[WhiteTeam "SK Bata Cosic Opovo"]
[BlackTeam "SK Backa Pacir"]

1. e4 c5 2. Nf3 d6 3. d4 cxd4 4. Nxd4 Nf6 5. Nc3 a6 6. Bc4 e6 7. Bg5 Be7 8. Bb3
Nc6 9. Qd2 Qa5 10. Nxc6 bxc6 11. O-O-O O-O 12. Kb1 Kh8 13. f4 Bb7 14. Qe2 Rae8
15. e5 dxe5 16. fxe5 Nd5 17. Ne4 c5 18. c4 Nb4 19. Bd2 Qc7 20. Bc3 Rd8 21. Nd6
Ba8 22. Rhf1 Kg8 23. Qg4 Qc6 24. a3 Bxd6 25. Rxd6 Qxg2 26. Qxg2 Bxg2 27. Rfd1
Be4+ 28. Ka1 Rxd6 29. exd6 Nc6 30. d7 Rd8 31. Ba4 Kf8 32. Rd6 Nb8 33. Ba5 Ke7
34. Rd2 Rxd7 35. Bxd7 Nxd7 36. b4 Ne5 37. Bd8+ Ke8 38. Bh4 f6 39. Rd6 Ke7 40.
Rxa6 cxb4 41. axb4 Nxc4 42. Ra7+ Kf8 43. b5 Nd6 44. b6 Nb7 45. Kb2 Ke7 46. Kc3
Kd6 47. Bf2 g5 48. Ra8 e5 49. Kb4 Kc6 50. Rf8 f5 51. Rf7 f4 52. Rc7+ Kd6 53.
Bc5+ Ke6 54. Bf2 Kd6 55. Kc3 g4 56. Rg7 h5 57. Rg5 Bf3 58. Rxh5 e4 59. Kd4 e3
60. Be1 Ke6 61. Rh6+ Kf5 62. Bh4 g3 63. hxg3 e2 64. gxf4 Kxf4 65. Rf6+ Kg4 66.
Be1 Bh1 67. Ke3 Kg5 68. Rf8 Kg6 69. Kxe2 Kg7 70. Bb4 1-0

[Event "DRUGA LIGA SRBIJE-GRUPA VOJVODINA-2019"]
[Site "Kovacica"]
[Date "2019.11.01"]
[Round "1.4"]
[White "Arbutina, Sinisa"]
[Black "Jovanovski, Slobodan"]
[Result "1/2-1/2"]
[WhiteElo "2323"]
[BlackElo "2298"]
[PlyCount "77"]
[EventDate "2019.11.01"]
[WhiteTeam "SK Backa Pacir"]
[BlackTeam "SK Bata Cosic Opovo"]

1. d4 d5 2. Nf3 Nf6 3. Bf4 c5 4. c3 e6 5. e3 Nc6 6. Nbd2 Bd6 7. Bg3 O-O 8. Bd3
b6 9. O-O Bxg3 10. hxg3 Qc7 11. Rc1 c4 12. Bb1 Bb7 13. e4 dxe4 14. Nxe4 Ne7 15.
Nxf6+ gxf6 16. Re1 Ng6 17. Be4 Rad8 18. Bxb7 Qxb7 19. Qe2 Qd5 20. Nh2 h5 21.
Nf1 b5 22. Nd2 Kg7 23. Qf3 Rh8 24. Qxd5 Rxd5 25. Nf3 h4 26. Nxh4 Nxh4 27. gxh4
Rxh4 28. g3 Rh8 29. Kg2 Kg6 30. Re4 f5 31. Re2 Kg5 32. Rce1 a6 33. Re5 Rhd8 34.
a3 Kf6 35. R5e2 Rh8 36. f4 Kg6 37. Re5 Rhd8 38. Kf3 Kg7 39. R5e2 1/2-1/2

[Event "DRUGA LIGA SRBIJE-GRUPA VOJVODINA-2019"]
[Site "Kovacica"]
[Date "2019.11.01"]
[Round "1.4"]
[White "Kosanovic, Dragan"]
[Black "Vidic, Stevan"]
[Result "1-0"]
[WhiteElo "2280"]
[BlackElo "2267"]
[PlyCount "65"]
[EventDate "2019.11.01"]
[WhiteTeam "SK Bata Cosic Opovo"]
[BlackTeam "SK Backa Pacir"]

1. d4 Nf6 2. Nf3 e6 3. e3 b6 4. Bd3 Bb7 5. O-O d5 6. b3 Bd6 7. Bb2 O-O 8. Ne5
c5 9. Nd2 Nbd7 10. c4 Qe7 11. f4 Ne4 12. cxd5 exd5 13. Nxd7 Nxd2 14. Bxh7+ Kxh7
15. Nxf8+ Rxf8 16. Qxd2 Kg8 17. Rac1 Re8 18. dxc5 bxc5 19. Be5 Bxe5 20. fxe5
Rc8 21. Qf2 Rc6 22. Qf4 Bc8 23. Rfd1 Be6 24. e4 d4 25. Rxd4 cxd4 26. Rxc6 Qb4
27. h3 Qe1+ 28. Kh2 Qe2 29. Rd6 Qxa2 30. Rd8+ Kh7 31. Qh4+ Kg6 32. Rh8 Qe2 33.
Qg3+ 1-0